King Crimson - Title In Lyrics - Statistics

General Stats
  • This quiz has been taken 26 times
  • The average score is 9 of 14
Answer Stats
Hint Answer % Correct
Confusion will be my _______ Epitaph
100%
At paranoias poison door, ___ ______ _____ ___. 21st Century Schizoid Man
95%
But my eyes turned within, only see, ________ and bible black Starless
95%
Call her _______, dancing in the shallows of a river Moonchild
89%
I need to feel your _______, _______, so close, it feels like mine Heartbeat
74%
When altitude dropping, my ears started popping, ___ _____ ___ _________ One More Red Nightmare
74%
Your mother's quite insane, ___ ____, ___ ____, ___ ____, again Cat Food
63%
____ __ ____, death by drowning Frame By Frame
63%
Burn a bridge and burn a boat, stake a _____ by the throat Lizard
63%
When you ride through the parlour wearing nothing but your armour, playing ____ ____ Indoor Games
53%
____ ____, one hand clap Happy Family
47%
See the slinky seal _____ policeman Cirkus
42%
My returning face is smiling, smile of a _____ ___ Waiting Man
42%
They fit together like ___ ____ Two Hands
32%
No matching quizzes found
Score Distribution
Percent of People with Each Score
Percentile by Number Answered
Your Score History
You have not taken this quiz